000 00328nam a2200133Ia 4500
008 240624s9999 xx 000 0 und d
041 _aeng
082 _a657.02 GHO
100 _aGHOSH T P
245 _aINDIAN ACCOUNTING STANDARDS IND AS AND I
250 _a(2nd ed.)
260 _c2011
_aNew Delhi
_bTaxmann
365 _cRS
_b29
999 _c20046
_d20046